000
00313nam a22001457a 4500
003
SGT
020
_a
978-93-5540-020-8
082
_a
581.1
_b
SHI
100
_a
SHIL, SANJOY
245
_a
PLANT PHYSIOLOGY
260
_a
DELHI
_b
KALYANI
_c
2022
300
_a
649
650
_a
PLANT PHYSIOLOGY
942
_2
ddc
_c
BK
_0
1
999
_c
25683
_d
25683